000
00294nam a2200097Ia 4500
008
241105s9999 xx 000 0 und d
041
_a
eng
100
_a
Mundada Medhavi
_9
184153
245
_a
Landscape Experience And Learning Centre At Kharghar Navi Mumbai
260
_b
BNCA M Arch LA, Pune
_c
2020
999
_c
361994
_d
361994